000 00267nam a2200121Ia 4500
008 191201s2019 xx 000 0 und d
100 _aSHARMA,JK
245 0 _aBusiness statistics
260 _bVikas Pub
_c2019
300 _a737
650 _aBBA
942 _2ddc
_cBK
_03
999 _c6979
_d6979